• 首页
  • 本馆介绍
  • 公告通知
  • 最新文献
  • 馆藏检索
  • 电子资源
  • 读者导购
  • 参考咨询
  • 我的图书馆
  • 登录
  • 详细信息显示
  • 放入我的书架
  • 预约/预借图书
  • 作者相关作品
  • 分类相关作品
  • 丛书相关作品
  • 出版社相关作品

书目信息

  • 表格格式
  • 工作单格式
  • 卡片格式
题名:
唐刺史考
    
 
作者: 郁贤皓 著
分册: 五  
出版信息: 南京   江苏古籍出版社  1987.6
页数: 2255-3015页
开本: 20cm
丛书名:
单 册:
中图分类: K242.06
科图分类:
主题词: 中国--历史
电子资源:
ISBN: 7-80519-012-7
000 00531nam0 2200193 45
001 0312221749
005 20040505102419.9
010    @dCNY22.65@a7-80519-012-7
100    @a20031222d1987 km y0chiy0120 ea
101    @achi
105    @a z 000yy
200 1  @a唐刺史考@h五@ATang Ci Shi Kao@f郁贤皓著@FYu Xian Hao Zhu
210    @a南京@c江苏古籍出版社@d1987.6
215    @a2255-3015页@d20cm
606 0  @a中国@x历史
690    @aK242.06@v3
701 0  @a郁贤皓@4著
801    @aCN@bTSTCL@c20031222
905    @dK242.06@e13:5@f1@b239176
    
    唐刺史考.五/郁贤皓著.-南京:江苏古籍出版社,1987.6
    2255-3015页;20cm
    
    
    ISBN 7-80519-012-7:CNY22.65
    
●
相关链接 在E读中查询图书 在五车中查询图书 在当当中查询图书 在豆瓣中查询图书


正题名:唐刺史考     索取号:K242.06/13:5         预约/预借

序号 登录号 条形码 馆藏地/架位号 状态 备注
1 0239176   000641167   第二借阅区/ [索取号:K242.06/13:5] 在馆    
2 0239177   000641096   第二样本阅览室/ [索取号:K242.06/13:5] 在馆    
唐山师范学院图书馆 欢迎您!
大连网信软件有限公司© 版权所有